000 00579nam a2200181 i 4500
001 66138
003 ES-MaACL
005 20230906165542.0
007 t|
008 040127s1936 sp ||||1| spa d
100 1 _aGaibrois de Ballesteros, Mercedes,
_d1891-1960
_953243
245 1 0 _aVidas memorables
_b: María de Molina /
_cpor Mercedes Gaibrois Riaño.
260 _aMadrid :
_bEspasa-Calpe,
_c1936.
300 _a274 p. ;
_c24 cm.
600 1 4 _aMaría
_cReina consorte de Sancho IV, Rey de Castilla.
_9162939
852 _aES-MaACL
_jA-4490
999 _c66138
_d66138